Prénom comme nom de famille comme prénom n°5 - Statistiques

Statistiques générales
  • Ce quiz a été pris 235 fois
  • Le résultat moyen est 10 sur 16
Statistiques - réponses
Prénom ?Nom? Nom de famille % Correct
Abbé Pierre Cardin
93%
F. R. David Guetta
91%
Boy George Sand
85%
Elizabeth Taylor Swift
82%
Robert Alexandre Dumas
75%
Albert Claude Monet
71%
Michèle Morgan Freeman
70%
David Cameron Diaz
67%
Jean René Descartes
67%
Susan B. Anthony Hopkins
61%
Firmine Richard Nixon
61%
Peter Andre Gide
55%
François Xavier Dolan
40%
Marie-Monique Robin Williams
28%
Valérie Théodore Géricault
20%
Sidonie-Gabrielle Colette Renard
10%
Aucun quiz correspondant
Distribution des résultats
% des personnes avec chaque résultat
Percentile par nombre de réponses
Votre historique - résultats
Vous n’avez pas pris ce quiz